000 00808nam a2200241 a 4500
001 BRL_1519
005 20190320211238.0
008 130214s1973----u--ao#####---#000-0#eng-#
041 _aeng
044 _au
050 4 _aE99.N3
_b.M39 1973
100 1 _aMaxwell, Gilbert S.
_927152
245 1 0 _aNavajo rugs
_bpresent, past & future
_cGilbert S. Maxwell ; in collaboration with Eugene L. Conrotto.
260 _aPalm Desert, California
_bBest-West Publications
_c1973
300 _a72 p.
_bil., fotografías (algunas a color), mapas
_c22 cm.
500 _aAu1658
504 _aBibliografía: p. 69-72
650 1 4 _aNavajos
_xAlfombras
_927153
650 1 4 _aIndígenas de América del Norte
_xIndustria textil indígena
_927154
700 1 _aConrotto, Eugene L.
_927155
902 _aGRL
942 _2lcc
_cB
999 _c10328
_d10328